[Event "DSOL 04 Liga Gr-A 1st"]
[Site "Playchess.com INT"]
[Date "2020.07.31"]
[Round "6.1"]
[White "Denzer, Johannes"]
[Black "Homann, Arne"]
[Result "1-0"]
[WhiteElo "1861"]
[BlackElo "1985"]
[PlyCount "113"]
[EventDate "2020.06.22"]
[EventType "team-tourn (rapid)"]
[EventCountry "GER"]
[SourceTitle "EXT 2021"]
[Source "ChessBase"]
[SourceDate "2020.10.23"]
[SourceVersion "1"]
[SourceVersionDate "2020.10.23"]
[SourceQuality "1"]
[WhiteTeam "Eisenberg"]
[BlackTeam "Heisfelde"]
[WhiteTeamCountry "GER"]
[BlackTeamCountry "GER"]

1. e4 e6 2. d4 d5 3. Nd2 Nf6 4. e5 Nfd7 5. Bd3 c5 6. c3 Nc6 7. Ne2 Qb6 8. Nf3 Be7 9. 0-0 f5 10. Nf4 Nd8 11. Qe2 0-0 12. c4 dxc4 13. Bxc4 cxd4 14. Rd1 Re8 15. Nxd4 Nf8 16. Nxf5 Bd7 17. Be3 Qc7 18. Qg4 g6 19. Rac1 Nf7 20. Bxe6 Qxc1 21. Bxc1 Bxe6 22. Nxe6 Nxe6 23. Nxe7+ Rxe7 24. f4 Rf8 25. g3 Nh6 26. Qe2 Nf5 27. Be3 b6 28. Kg2 Rc8 29. Rd2 Rec7 30. g4 Nfg7 31. Qf1 Rf7 32. Rf2 Rcf8 33. Kg3 h5 34. h3 Kh8 35. Qc4 h4+ 36. Kg2 Kh7 37. Qe4 Rg8 38. Rc2 Nf5 39. Kh2 Ng3 40. Qg2 Rgf8 41. Rf2 Nxf4 42. Bxf4 Rxf4 43. Rxf4 Rxf4 44. Kg1 Re4 45. Qf2 Rf4 46. Qc2 Re4 47. Qc7+ Kg8 48. Qd8+ Kg7 49. Qe7+ Kg8 50. Qe8+ Kg7 51. Qd7+ Kg8 52. Qe6+ Kg7 53. Qf6+ Kh7 54. Qf7+ Kh6 55. Qf8+ Kg5 56. Qf6+ Kh6 57. Qxh4+ 1-0